000
00370nam a2200121Ia 4500
008
151001s9999||||xx |||||||||||||| ||und||
100
_a
ध रा गाला
245
_a
हृदय रोग टाळा व दीर्घायुषी बना
250
_a
1
260
_b
गाला पब्लिशर्स
300
_a
155
365
_b
21
999
_c
969912
_d
969909